[Event "Juba olympiad qual"]
[Site "Juba"]
[Date "2022.05.15"]
[Round "8"]
[White "Chol, Akoy Aluong"]
[Black "Manyok, Chaderek P"]
[Result "0-1"]
[WhiteElo "2050"]
[BlackElo "2020"]
[PlyCount "42"]
[EventDate "2022.05.10"]
[EventType "tourn"]
[EventRounds "11"]
[EventCountry "SUD"]
[SourceTitle "CBM 208 Extra"]
[Source "ChessBase"]
[SourceDate "2022.07.31"]
[SourceVersion "1"]
[SourceVersionDate "2022.07.31"]
[SourceQuality "1"]

1. e4 d6 2. d4 Nf6 3. Bd3 Bg4 4. Ne2 Nbd7 5. Be3 e5 6. f3 Bh5 7. c3 d5 8. Nd2 c5 9. dxc5 Bxc5 10. Bxc5 Nxc5 11. Bb5+ Ke7 12. Ng3 a6 13. Be2 Bg6 14. Nf5+ Bxf5 15. exf5 Re8 16. Nb3 Qb6 17. Nxc5 Qxc5 18. Qb3 Kf8 19. g4 Kg8 20. h4 e4 21. f4 Qe3 0-1

[Event "Juba olympiad qual"]
[Site "Juba"]
[Date "2022.05.13"]
[Round "4"]
[White "Rehan, Deng Cypriano"]
[Black "Chol, Akoy Aluong"]
[Result "1-0"]
[WhiteElo "2109"]
[BlackElo "2050"]
[PlyCount "73"]
[EventDate "2022.05.10"]
[EventType "tourn"]
[EventRounds "11"]
[EventCountry "SUD"]
[SourceTitle "CBM 208 Extra"]
[Source "ChessBase"]
[SourceDate "2022.07.31"]
[SourceVersion "1"]
[SourceVersionDate "2022.07.31"]
[SourceQuality "1"]

1. e4 e6 2. Nf3 d5 3. e5 c5 4. g3 Nc6 5. Bg2 Nge7 6. 0-0 Ng6 7. Re1 Qc7 8. Qe2 Be7 9. d3 b6 10. c4 d4 11. a3 Bb7 12. h4 h6 13. Nbd2 0-0-0 14. b4 cxb4 15. axb4 Bxb4 16. Ba3 Bxa3 17. Rxa3 Na5 18. h5 Ne7 19. Ne4 Bxe4 20. Qxe4 Nec6 21. Nd2 Nb4 22. Rb1 Na6 23. Rxa5 bxa5 24. Rb7 Rd7 25. Rxc7+ Rxc7 26. Nb3 a4 27. Nxd4 Rd8 28. Nb5 Nc5 29. Qe2 Rxd3 30. Nxc7 Kxc7 31. Qb2 Rb3 32. Qd4 Nb7 33. Qxa7 a3 34. Bxb7 Rxb7 35. Qxa3 f6 36. Qd6+ Kc8 37. Qxe6+ 1-0

[Event "Juba olympiad qual"]
[Site "Juba"]
[Date "2022.05.12"]
[Round "3"]
[White "Chol, Akoy Aluong"]
[Black "Gong, Thon Gong"]
[Result "0-1"]
[WhiteElo "2050"]
[BlackElo "2159"]
[PlyCount "108"]
[EventDate "2022.05.10"]
[EventType "tourn"]
[EventRounds "11"]
[EventCountry "SUD"]
[SourceTitle "CBM 208 Extra"]
[Source "ChessBase"]
[SourceDate "2022.07.31"]
[SourceVersion "1"]
[SourceVersionDate "2022.07.31"]
[SourceQuality "1"]

1. e4 c5 2. Nf3 a6 3. d4 cxd4 4. Nxd4 Nf6 5. Nc3 e5 6. Nf5 d5 7. Ng3 d4 8. Nb1 h5 9. Bd3 h4 10. Ne2 h3 11. g3 Nbd7 12. f3 Nc5 13. Bc4 Qc7 14. Nd2 b5 15. Bd3 Bb7 16. Nb3 Nfd7 17. g4 Be7 18. Bd2 Rc8 19. Ng3 g6 20. Rc1 Nb6 21. Nxc5 Bxc5 22. b3 Ba3 23. Rb1 Be7 24. Ba5 Qd6 25. Qe2 Nd7 26. b4 Rc3 27. a4 0-0 28. axb5 axb5 29. 0-0 Rfc8 30. Qd2 Nb6 31. Ne2 Nc4 32. Qc1 Rxd3 33. cxd3 Nxa5 34. Qa3 Nc6 35. Rfc1 Ra8 36. Qb3 Ra4 37. Qd5 Qf6 38. f4 Qh4 39. Qd7 Ra2 40. Kf1 Nxb4 41. Rxb4 Bxb4 42. Qxb7 Qxg4 43. Qc8+ Qxc8 44. Rxc8+ Kg7 45. fxe5 Bd2 46. Kf2 Bf4 47. Kf3 Bxh2 48. Rc1 Bxe5 49. Rh1 h2 50. Nf4 Bxf4 51. Kxf4 b4 52. Kg3 b3 53. Rb1 Rc2 54. Kf4 b2 0-1